History Quiz

Random History Quiz

Name that Queen Quiz Stats

 Plays Quiz not verified by Sporcle

Support Sporcle.
Go Orange.
Score 0/11 Timer 03:00
0 Plays Today
Hint Queens % Correct
????
100%
????
64.2%
????
56.8%
????
54.1%
????
18.2%
????
14.2%
????
14.2%
????
11.5%
????
7.4%
????
6.1%
????
0.7%

You're not logged in!

Compare scores with friends on all Sporcle quizzes.
OR
Log In

From the Vault

King of the Ring Winners

by Matt

We interrupt your regularly scheduled programming to bring you the KINGS of wrestling. Now is the time to Smackdown! this quiz.
Remove Ads.
Support Sporcle.
Get the best of Sporcle when you Go Orange. This ad-free experience offers more features, more stats, and more fun while also helping to support Sporcle. Thank you for becoming a member.

Show Comments

Extras

Created Mar 2, 2011SourceReportNominate
Tags:Extra, Queen

Top Quizzes Today


Score Distribution

Your Account Isn't Verified!

In order to create a playlist on Sporcle, you need to verify the email address you used during registration. Go to your Sporcle Settings to finish the process.

Report this User

Report this user for behavior that violates our Community Guidelines.

Details: